MARC

LEADER 00000nam0a2200000 4500
001 161098
005 20231101222230.0
010 |a 5110003831 
020 |a RU  |b 88-25757 
035 |a (RuTPU)RU\TPU\book\174696 
090 |a 161098 
100 |a 20090603d1988 m y0rusy5003 ca 
101 1 |a rus  |c fre 
102 |a UA 
105 |a y z 000ab 
200 1 |a Три Дюма; Литературные портреты  |e [пер. с фр.]  |f А. Моруа 
210 |a Киев  |c Выща школа  |c Изд-во Киевского ун-та  |d 1988 
215 |a 551,[4] с.  |c ил.  |d 21 см 
600 1 |a Дюма  |b А. (отец) 
600 1 |a Дюма (Дюма-отец)  |b А.  |c французский писатель  |f 1802-1870  |g Александр  |2 stltpush  |3 (RuTPU)RU\TPU\pers\10154  |9 2200 
600 1 |a Дюма (Дюма-сын)  |b А.  |c французский писатель  |f 1824-1895  |g Александр  |2 stltpush  |3 (RuTPU)RU\TPU\pers\10155  |9 2201 
610 1 |a Французская литература 
610 1 |a 19 век 
675 |a 84  |z rus 
700 1 |a Моруа  |b А.  |c французский писатель  |c настоящее имя Эмиль Эрзог  |f 1885-1967  |g Андре  |2 stltpush  |3 (RuTPU)RU\TPU\pers\46431  |4 070  |9 22107 
801 0 |a RU  |b RuMRKP  |c 19950417  |g psbo 
801 1 |a RU  |b 63413507  |c 20090603  |g PSBO 
801 2 |a RU  |b 63413507  |c 20200529  |g PSBO 
942 |c BK